| 000 | 01531nam0a2200385 4500 | ||
|---|---|---|---|
| 001 | RU\NLR\bibl\348395 | ||
| 005 | 20260405092956.0 | ||
| 010 |
_a5-17-012821-5 _bВ пер. _95000 |
||
| 021 |
_aRU _b2002-46535 _92254 |
||
| 035 | _a(NLR Aleph) 000343192 | ||
| 090 |
_a229515 _c229515 |
||
| 100 | _a20021203d2002 |||y0rusy50 ca | ||
| 101 | 0 |
_arus _alat |
|
| 102 | _aRU | ||
| 105 | _ay ||||||||| | ||
| 200 | 1 |
_aЛатинская терминология в медицине _eСправ.-учеб. пособие _eДля медиков и фармацевтов _fГ. В. Петрова, В. И. Ермичева |
|
| 210 |
_aМ. _cАстрель _cАСТ _d2002 |
||
| 215 |
_a157,[1] с. _d21 |
||
| 300 | _aНа обл. авт. не указаны | ||
| 606 | 0 |
_aМедицина _xТерминологические словари _91577389 _3RU\NLR\auth\66691884 |
|
| 610 | 0 | _aМедицина - Терминология латинская | |
| 675 |
_a61(038)-124 _v3 |
||
| 686 |
_a76 _2rugasnti |
||
| 686 |
_a5я2+81.2Латин-4 _2rubbk |
||
| 686 | _aР.я212 | ||
| 700 | 1 |
_4070 _7ca _8rus _aПетрова _bГ. В. _cканд. филол. наук, лат. яз. _gГалина Всеволодовна _3RU\NLR\AUTH\7733993 _916999 |
|
| 701 | 1 |
_aЕрмичева _bВ. И. _gВера Ивановна _4070 |
|
| 801 | 0 |
_aRU _bRKP _c20021203 _gPSBO |
|
| 801 | 1 |
_aRU _bRKP _c20021203 |
|
| 801 | 2 |
_aRU _bNLR _c20060221 _grcr |
|
| 830 | _aАвт. по кн. | ||
| 942 | _cBOOK | ||
| 980 | _aNB | ||